Red Dwarf - Statistics

General Stats
  • This quiz has been taken 416 times
  • The average score is 9 of 13
Answer Stats
Hint Answer % Correct
Ship's computer Holly
99%
Mechanoid played by Robert Llewellyn Kryten
98%
Rimmer from another dimension Ace
89%
Maintenance robots Skutters
83%
Rimmer's middle name Judas
79%
Lister's love interest Kochanski
79%
TV channel show was first shown on BBC2
76%
That answer's catchphrase ^ Smoke me a kipper, I'll be back for breakfast
72%
Captain of Red Dwarf Hollister
59%
Lister's best friend on Red Dwarf Peterson
54%
Crazy toaster Talkie
47%
Kat's alter ego Dwayne Dibley
46%
Company who owns Red Dwarf ship Jupiter Mining Corporation
43%
No matching quizzes found
Score Distribution
Percent of People with Each Score
Percentile by Number Answered
Your Score History
You have not taken this quiz